India livestock census (Record no. 699243)

MARC details
000 -LEADER
fixed length control field 00765nam a2200265Ia 4500
003 - CONTROL NUMBER IDENTIFIER
control field OSt
005 - DATE AND TIME OF LATEST TRANSACTION
control field 20220927111540.0
008 - FIXED-LENGTH DATA ELEMENTS--GENERAL INFORMATION
fixed length control field 220926b |||||||| |||| 00| 0 eng d
037 ## - SOURCE OF ACQUISITION
Terms of availability Reports
040 ## - CATALOGING SOURCE
Original cataloging agency RTL
Transcribing agency RTL
Language of cataloging eng
041 ## - LANGUAGE CODE
Source of code eng
Language code of text/sound track or separate title eng
110 ## - MAIN ENTRY--CORPORATE NAME
Corporate name or jurisdiction name as entry element "India, Economics and Statistics (D/O)"
245 #0 - TITLE STATEMENT
Title India livestock census
260 ## - PUBLICATION, DISTRIBUTION, ETC.
Place of publication, distribution, etc. Delhi
Name of publisher, distributor, etc. Manager of Publication India
Date of publication, distribution, etc. 1990
300 ## - PHYSICAL DESCRIPTION
Extent 325p
Dimensions cm.
500 ## - GENERAL NOTE
General note Tables
650 ## - SUBJECT ADDED ENTRY--TOPICAL TERM
Topical term or geographic name entry element Animal Husbandry Industry
700 ## - ADDED ENTRY--PERSONAL NAME
Personal name "India, Economics and Statistics (D/O)"
942 ## - ADDED ENTRY ELEMENTS (KOHA)
Classification part "X9(KZ).2sN82, N0.1/GD"
Koha item type
Holdings
Withdrawn status Lost status Damaged status Not for loan Home library Current library Date acquired Total Checkouts Full call number Barcode Date last seen Price effective from Koha item type
        Ratan Tata Library Ratan Tata Library 2022-09-27   "X9(KZ).2sN82 N0.1/GD" RT01017205 V 1 2022-09-27 2022-09-27  
Copyright @ Delhi University Library System